000 04870cam a2200277 i 4500
001 114183
003 DR-UNIBE
005 20251031062556.0
008 160721s2024 sp b 001 0 spa
020 _a9788430988150
040 _aDLC
_beng
_cDLC
_erda
_dBIBLIOTECA UNIBE
041 _aspa
082 _a341.2 C335c 2024
100 1 _aCasanovas y La Rosa, Oriol,
_d1938-
_9200380
_eautor
245 1 0 _aCompendio de derecho internacional público /
_cOriol Casanovas, Ángel J. Rodrigo
250 _aDécimo segunda edición
260 _aMadrid :
_bTecnos,
_c2024
300 _a554 páginas
504 _aIncluye referencias bibliográficas e índice.
505 _aI. LA COMUNIDAD INTERNACIONAL Y EL DERECHO INTERNACIONAL PÚBLICO | 1. La comunidad internacional | 2. El Derecho internacional público | II. LA IDENTIFICACIÓN Y LA CREACIÓN DE LAS NORMAS INTERNACIONALES | 3. Las fuentes del Derecho internacional | 4. La conclusión de los tratados internacionales | 5. Los efectos y la aplicación de los tratados | 6. La nulidad, la terminación y la suspensión de los tratados | 7. Otras fuentes del Derecho internacional público | III. LAS RELACIONES ENTRE EL DERECHO INTERNACIONAL Y LOS DERECHOS INTERNOS | 8. Las relaciones entre el Derecho internacional y los Derechos internos | IV. LOS MIEMBROS DE LA COMUNIDAD INTERNACIONAL | 9. El Estadoen el Derecho internacional | 10. La inmunidad del Estado y la sucesión de estados | 11. La subjetividad y la estructura de las organizaciones internacionales | 12. Las competencias y el derecho de las organizaciones internacionales | 13. Las naciones unidas | 14. Las organizaciones internacionales universales y regionales | 15. Otras entidades de carácter no estatal, los pueblos y las personas | V. LA REGLAMENTACIÓN DE LAS RELACIONES INTERESTATALES | 16. El territorio del estado | 17. Los espacios marinos | 18. La competencia personal y la protección diplomática | 19. Los órganos de las relaciones exteriores del estado | VI. LOS REGÍMENES INTERNACIONALES GENERALES PARA LA PROTECCIÓN DE INTERESES GENERALES DE LA COMUNIDAD INTERNACIONAL | 20. El régimen general de los espacios y recursos fuera de la jurisdicción nacional | 21. La protección internacional del medio ambiente | 22. La solución pacífica de las controversias internacionales | 23. El mantenimiento de la paz | 24. La seguridad colectiva | 25. La protección internacional de los derechos humanos | 26. El derecho internacional humanitario | 27. La cooperación económica, el comercio internacional y el desarrollo | VII. LA APLICACIÓN DEL DERECHO INTERNACIONAL PÚBLICO | 28. La responsabilidad internacional del estado | 29. Los medios jurisdiccionales de solución de controversias | 30. La responsabilidad internacional del individuo |
520 3 _aEste Compendio de Derecho internacional público pretende armonizar el pragmatismo exigido por el contexto universitario y social con la exigencia irrenunciable de ofrecer el contenido mínimo actualizado que todo alumno debiera conocer y aprender del ordenamiento jurídico internacional a través de un marco teórico acorde con el momento presente. El Compendio no es una mera síntesis de temas de Derecho internacional público sino que formula una propuesta teórica en la exposición de dicho ordenamiento jurídico. El planteamiento que se ofrece en esta obra trata de conciliar la unidad del Derecho internacional como sistema normativo con la pluralidad de conjuntos normativos que regulan determinadas materias o sectores a través de las nociones de regímenes internacionales especiales y generales. Así se constata que, junto a la tradicional estructura normativa bilateral de las obligaciones internacionales que regulan básicamente los intereses individuales de los Estados, existe una estructura normativa comunitaria resultado de la protección y regulación de los intereses generales de la comunidad internacional en la que es posible identificar una caja de herramientas comunitarias cada vez más amplia, especialmente, en el caso de las que tienen carácter sustantivo. Esta profunda transformación del ordenamiento internacional actual da un nuevo sentido a la expresión Derecho internacional público que tiene una renovada significación al incorporar su dimensión comunitaria y de protección de intereses generales. En definitiva, esta propuesta teórica de construcción sistémica del Derecho internacional público pretende hacer compatible la unidad formal y material del ordenamiento jurídico internacional con el pluralismo social y jurídico que existe en la comunidad internacional actual.
650 7 _aRelaciones internacionales
_944657
_2lemb
650 7 _aDerecho internacional público
_2lemb
700 _aRodrigo Hernández, Ángel J
_eautor
_9200381
942 _2ddc
_cBK
999 _c114183
_d114183